| 000 | 00781cim a2200217 4500 | ||
|---|---|---|---|
| 005 | 20180204111514.0 | ||
| 007 | sd uuuuuudmuud | ||
| 008 | 140710t2010 xx nnnnfs|||| 0s| c eng d | ||
| 024 | _a9781424043361 | ||
| 024 | _a1424043360 | ||
| 040 | _aEG-ScBUE | ||
| 082 | 0 | 4 |
_222 _a428.43 _bREA |
| 245 | 0 | 0 |
_aReading explorer 3 _h[sound recording] : _baudio CD : intermediate : 1900-2600 headwords : CEF B2-C1. |
| 260 |
_a[S. l.] : _bNational Geographic : _bHeinle Cengage Learning, _cc.2010. |
||
| 300 |
_a2 sound discs ; _c4 3/4 in. |
||
| 650 | 0 |
_aReading comprehension _vAudio-visual aids _936055 |
|
| 650 | 0 |
_936056 _aDiscoveries in geography _vAudio-visual aids |
|
| 653 |
_bEEENG _cJuly2014 |
||
| 710 |
_914131 _aNational Geographic Society (U.S.) |
||
| 942 |
_2ddc _cCDR _k428.0071 REA |
||
| 999 |
_c18360 _d18332 |
||